Participación ciudadana: un reto del sistema electoral

Shranjeno v:
Bibliografske podrobnosti
Format: Texto
Teme:
Oznake: Označite
Brez oznak, prvi označite!

MARC

LEADER 00000 a a2200000 04500
001 5836
003
040
245 |a Participación ciudadana:   |b un reto del sistema electoral  
650 |a PARTICIPACION SOCIAL  
650 |a SISTEMAS ELECTORALES  
650 |a ENCUESTAS  
650 |a VOTACION  
650 |a PARTICIPACION POLITICA  
773 |g volumen 14, número 606; páginas 8-9  
999 |c 24419  |d 24419